Catálogo público

Soporte en la creación e implementación de registros y métodos de control para la realización y fortalecimiento de Hl´s Truper servicios S.A. de C.V. / (Record no. 218801)

MARC details
000 -CABECERA
campo de control de longitud fija 02627nam a2200301 a 4500
003 - IDENTIFICADOR DEL NÚMERO DE CONTROL
campo de control OSt
005 - FECHA Y HORA DE LA ÚLTIMA TRANSACCIÓN
campo de control 20260209143931.0
007 - CAMPO FIJO DE DESCRIPCIÓN FÍSICA--INFORMACIÓN GENERAL
campo de control de longitud fija cr ||||||a|c|a
008 - DATOS DE LONGITUD FIJA--INFORMACIÓN GENERAL
campo de control de longitud fija 230522s2019 mx a|||fom||| 001 0 spa d
040 ## - FUENTE DE LA CATALOGACIÓN
Normas de descripción rda
100 1# - ENTRADA PRINCIPAL--NOMBRE DE PERSONA
9 (RLIN) 187131
Nombre de persona Nanco Colula, Felipe
245 10 - MENCIÓN DE TÍTULO
Título Soporte en la creación e implementación de registros y métodos de control para la realización y fortalecimiento de Hl´s Truper servicios S.A. de C.V. /
Mención de responsabilidad, etc. por Felipe Nanco Colula y José Ramón Nanco Colula; director de tesis María Victoria Gómez Águila.
264 #1 - PRODUCCIÓN, PUBLICACIÓN, DISTRIBUCIÓN, FABRICACIÓN Y COPYRIGHT
Producción, publicación, distribución, fabricación y copyright Chapingo, México :
Nombre del de productor, editor, distribuidor, fabricante El autor,
Fecha de producción, publicación, distribución, fabricación o copyright 2019.
300 ## - DESCRIPCIÓN FÍSICA
Extensión 1 recurso en línea (43 páginas):
Otras características físicas figuras.
336 ## - TIPO DE CONTENIDO
Fuente rdacontent
Término de tipo de contenido texto
Código de tipo de contenido txt
337 ## - TIPO DE MEDIO
Fuente rdamedia
Nombre/término del tipo de medio computadora
Código del tipo de medio c
338 ## - TIPO DE SOPORTE
Fuente rdacarrier
Nombre/término del tipo de soporte recurso en línea
Código del tipo de soporte cr
502 ## - NOTA DE TESIS
Tipo de título Ingeniería Mecánica Agrícola
Nombre de la institución que otorga el título Departamento de Ingeniería Mecánica Agrícola,
Año de obtención del título 2019.
Información miscelánea Licenciatura
504 ## - NOTA DE BIBLIOGRAFÍA, ETC.
Nota de bibliografía, etc. Incluye referencias bibliográficas: páginas 37.
520 ## - SUMARIO, ETC.
Sumario, etc. El siguiente Informe nos muestra cómo se utiliza la información correspondiente al área de Calidad en la empresa TRUPER SERVICIOS S.A. de C.V. la cual es de gran importancia para dar a conocer un proceso correctamente. En primer lugar, nos muestra una serie de conceptos o términos utilizados en la empresa para definir ciertas características a evaluar, son necesarios para entender correctamente las situaciones que se van a corregir o actualizar. Cuando se dan por entendidos los requerimientos de la instancia se procede a utilizar las mismas herramientas del sistema es decir se deben utilizar los mismos formatos que se dan de alta en el sistema de calidad y solo es cuestión de agregar las características que más se ajusta a las necesidades que se describen en el proceso. Es de gran importancia cumplir con los lineamientos que existen en la empresa ya que al modificar la documentación esta debe cumplir siempre con los puntos descritos en su sistema que es aprobado bajo la supervisión de la Dirección de Calidad. Para finalizar se omite información que es confidencial para la empresa entre esta se encuentran nombres, firmas, logotipos, formatos exclusivos por lo que hace que el informe carezca de ciertos trabajos realizados.
650 #4 - PUNTO DE ACCESO ADICIONAL DE MATERIA--TÉRMINO DE MATERIA
9 (RLIN) 187133
Término de materia o nombre geográfico como elemento de entrada Maquinaria y equipamiento agrícola
Subdivisión general Evaluación
-- Metodología
650 #4 - PUNTO DE ACCESO ADICIONAL DE MATERIA--TÉRMINO DE MATERIA
9 (RLIN) 134335
Término de materia o nombre geográfico como elemento de entrada Maquinaria agrícola
Subdivisión general Normas de calidad
650 #4 - PUNTO DE ACCESO ADICIONAL DE MATERIA--TÉRMINO DE MATERIA
9 (RLIN) 134815
Término de materia o nombre geográfico como elemento de entrada Maquinaria agrícola
Subdivisión general Calidad
700 1# - PUNTO DE ACCESO ADICIONAL--NOMBRE DE PERSONA
9 (RLIN) 187132
Nombre de persona Nanco Colula, José Ramón
700 1# - PUNTO DE ACCESO ADICIONAL--NOMBRE DE PERSONA
9 (RLIN) 185726
Nombre de persona Gómez Águila, María Victoria
Término indicativo de función/relación Director de tesis.
856 ## - LOCALIZACIÓN Y ACCESO ELECTRÓNICOS
Identificador Uniforme del Recurso http://10.13.5.2/tesis/tl/Nanco_Colula_Felipe.pdf
Nota pública DESCARGAR PDF
942 ## - ELEMENTOS DE PUNTO DE ACCESO ADICIONAL (KOHA)
Fuente del sistema de clasificación o colocación Clasificación Universidad Autónoma Chapingo
Tipo de ítem Koha Tesis digital
Holdings
Estado de retiro Estado de pérdida Fuente del sistema de clasificación o colocación Estado dañado Restricciones de uso No para préstamo Código de colección Localización permanente Ubicación/localización actual Ubicación en estantería Fecha de adquisición Total de préstamos Signatura topográfica completa Fecha visto por última vez Precio válido a partir de Tipo de ítem Koha
    Clasificación Universidad Autónoma de Chapingo   Préstamo interno   Tesis digitales de Licenciatura Biblioteca Digital Biblioteca Digital En línea 22/05/2023   Tesis digital 22/05/2023 22/05/2023 Tesis digital